Memòria : 2002 / Direcció dels Serveis de Recursos Humans 2002 / Direcció dels Serveis de Recursos Humans
Descripción Física:
59 p., [6] f. solts : gràf. ; 30 cm
MARC
| LEADER | 00000nam a2200000Ia 4500 | ||
|---|---|---|---|
| 001 | 20053 | ||
| 008 | 160829s2002 xx 000 0 cat d | ||
| 080 | |a M-6-19 | ||
| 110 | 1 | |a Barcelona (Catalunya : Província). |b Direcció dels Serveis de Recursos Humans |9 52859 | |
| 245 | |a Memòria : |b 2002 / Direcció dels Serveis de Recursos Humans | ||
| 260 | |a Barcelona : |b la Diputació, |c 2002 | ||
| 300 | |a 59 p., [6] f. solts : |b gràf. ; |c 30 cm | ||
| 590 | |a Inclou el balanç del període 1995 - 1999 | ||
| 610 | 1 | 0 | |a Barcelona (Catalunya : Província). |b Direcció dels Serveis de Recursos Humans |9 52859 |
| 901 | |a Arxiu | ||
| 942 | |n 1 | ||
| 952 | |0 0 |1 0 |4 0 |6 M619 |7 1 |9 52415 |a Arxiu |b Arxiu |d 2016-12-01 |l 0 |o M-6-19 |p 20053 |r 2016-12-01 00:00:00 |w 2016-12-01 |y ARXIU | ||
| 999 | |c 56263 |d 56263 | ||